000 00444nam a2200169Ia 4500
003 GCL
008 140319s9999 xx 000 0 eng d
040 _aGCL /
_cGCL
082 0 4 _aRef
_b658.15
_bB C
100 1 _aBRAYSHAW, R.E
245 1 0 _aTHE CONCISE GUIDE TO ANY FINANCE AND ITS MANAGEMENT /
_cBRAYSHAW, R.E
260 _a[S.N] :
_bCMC LTD ،
_c1992
300 _a153.P
650 0 4 _aCORPORATIONS
650 0 4 _aFINANCE
942 _2ddc
_cBK
999 _c22966
_d22966